000 00791nam a2200217Ii 4500
003 JO-AjNU
008 230605s9999||||xx |||||||||||||| ||und||
017 _a2001/2820
020 _a977-239-176-7
040 _aJO-AjNU
_bara
_erda
_cJO-AjNU
041 _aara
050 1 4 _aKZ6471.2006
100 3 _aشريف علتم ؛ محرر,
_eauthor
_933736
245 0 0 _aمحاضرات فى القانون الدولى الإنساني
264 3 1 _aالقاهرة : اللجنة الدولية للصليب الأحمر، 2006
300 _a176ص
336 _atext
_btxt
_2rdacontent
337 _aunmediated
_bn
_2rdamedia
338 _avolume
_bnc
_2rdacarrier
650 4 _aحقوق الإنسان (قانون دولي) -- الحقوق المدنية -- القانون الدولي
_933737
999 _aA13761
_c17329
_d17329